000 00803nam a2200253 a 4500
008
020 _a0521558468 (pbk.)
049 _aMAIN
090 0 1 _aQC20.7.D5
100 1 _aRubinstein, Isaak.
245 1 0 _aPartial differential equations in classical mathematical physics /
_cIsaak Rubinstein, Lev Rubinstein.
260 _aCambridge :
_bCambridge University Press,
_c1998.
300 _axiv, 677 p. ;
_c26 cm.
504 _aIncludes bibliographical references.
500 _aIncludes index.
650 0 _aDifferential equations, Partial.
650 0 _aMathematical physics.
700 1 _aRubinstein, Lev.
907 _a.b10105220
_b22-11-05
_c05-01-04
003
005 20230123133817.0
040 _cNUST
942 _cBOOKS
_kQC20.7.D5
999 _c155020
_d155020